<?xml version="1.0" encoding="UTF-8"?>
<record
    xmlns:xsi="http://www.w3.org/2001/XMLSchema-instance"
    xsi:schemaLocation="http://www.loc.gov/MARC21/slim http://www.loc.gov/standards/marcxml/schema/MARC21slim.xsd"
    xmlns="http://www.loc.gov/MARC21/slim">

  <leader>01192nam a22003137a 4500</leader>
  <controlfield tag="003">OSt</controlfield>
  <controlfield tag="005">20140310184421.0</controlfield>
  <controlfield tag="008">010918s2001    maua   j      000 1 eng  </controlfield>
  <datafield tag="010" ind1=" " ind2=" ">
    <subfield code="a">  2001276594</subfield>
  </datafield>
  <datafield tag="020" ind1=" " ind2=" ">
    <subfield code="a">0006754023</subfield>
  </datafield>
  <datafield tag="040" ind1=" " ind2=" ">
    <subfield code="a">DLC</subfield>
    <subfield code="c">DLC</subfield>
    <subfield code="d">DLC</subfield>
    <subfield code="d">WaU</subfield>
    <subfield code="d">DLC</subfield>
  </datafield>
  <datafield tag="050" ind1="0" ind2="0">
    <subfield code="a">PR 6039.O32</subfield>
    <subfield code="b">.T649 1937</subfield>
  </datafield>
  <datafield tag="082" ind1="0" ind2="0">
    <subfield code="a">CLA T57h </subfield>
    <subfield code="b">1998</subfield>
  </datafield>
  <datafield tag="100" ind1="1" ind2=" ">
    <subfield code="a">Tolkien, J. R. R.</subfield>
    <subfield code="q">(John Ronald Reuel),</subfield>
    <subfield code="9">3610</subfield>
  </datafield>
  <datafield tag="245" ind1="1" ind2="4">
    <subfield code="a">The hobbit, or, there and back again /</subfield>
    <subfield code="c">J.R.R. Tolkien.</subfield>
  </datafield>
  <datafield tag="260" ind1=" " ind2=" ">
    <subfield code="a">London : </subfield>
    <subfield code="b">HarperCollins, </subfield>
    <subfield code="c">c1998.  </subfield>
  </datafield>
  <datafield tag="300" ind1=" " ind2=" ">
    <subfield code="a">364 p. </subfield>
    <subfield code="b">ill. ;</subfield>
    <subfield code="c">19 cm.  </subfield>
  </datafield>
  <datafield tag="521" ind1=" " ind2=" ">
    <subfield code="a">G9</subfield>
  </datafield>
  <datafield tag="526" ind1=" " ind2=" ">
    <subfield code="c">1000</subfield>
  </datafield>
  <datafield tag="650" ind1=" " ind2=" ">
    <subfield code="a"> Classics</subfield>
    <subfield code="9">2808</subfield>
  </datafield>
  <datafield tag="655" ind1=" " ind2="0">
    <subfield code="a">Fantasy fiction.</subfield>
    <subfield code="9">3053</subfield>
  </datafield>
  <datafield tag="700" ind1="1" ind2=" ">
    <subfield code="a">Lee, Alan,</subfield>
    <subfield code="e">ill.</subfield>
    <subfield code="9">3611</subfield>
  </datafield>
  <datafield tag="856" ind1="4" ind2="1">
    <subfield code="3">Sample text</subfield>
    <subfield code="u">http://www.loc.gov/catdir/samples/hm051/2001276594.html</subfield>
  </datafield>
  <datafield tag="856" ind1="4" ind2="2">
    <subfield code="3">Reading group guide</subfield>
    <subfield code="u">http://www.houghtonmifflinbooks.com/readers_guides/hobbit/index.shtml</subfield>
    <subfield code="z">Valid as of Nov. 21, 2002</subfield>
  </datafield>
  <datafield tag="856" ind1="4" ind2="2">
    <subfield code="3">Publisher description</subfield>
    <subfield code="u">http://www.loc.gov/catdir/description/hm021/2001276594.html</subfield>
  </datafield>
  <datafield tag="856" ind1="4" ind2="2">
    <subfield code="3">Contributor biographical information</subfield>
    <subfield code="u">http://www.loc.gov/catdir/enhancements/fy0736/2001276594-b.html</subfield>
  </datafield>
  <datafield tag="942" ind1=" " ind2=" ">
    <subfield code="2">lcc</subfield>
    <subfield code="c">BK-SCHOLAS</subfield>
  </datafield>
  <datafield tag="999" ind1=" " ind2=" ">
    <subfield code="c">34242</subfield>
    <subfield code="d">34242</subfield>
  </datafield>
  <datafield tag="952" ind1=" " ind2=" ">
    <subfield code="0">0</subfield>
    <subfield code="1">0</subfield>
    <subfield code="2">lcc</subfield>
    <subfield code="4">0</subfield>
    <subfield code="a">LUX</subfield>
    <subfield code="b">LUX</subfield>
    <subfield code="c">SCHO</subfield>
    <subfield code="d">2013-10-09</subfield>
    <subfield code="l">0</subfield>
    <subfield code="o">PR 6039.O32 .T649 1937</subfield>
    <subfield code="p">LEX2736</subfield>
    <subfield code="r">2017-04-18 00:00:00</subfield>
    <subfield code="t">1</subfield>
    <subfield code="w">2013-10-09</subfield>
    <subfield code="y">BK</subfield>
  </datafield>
</record>
